01013nam a2200265 4500003000400000005001700004008004100021040001800062050002100080100003600101245020000137250002300337264006800360300004900428336002200477337002400499338002400523500003200547651002800579700005100607700003900658710002100697942001200718999001700730OSt20260530113907.0260420b2005 mx a|||| |||| 00| 0 spa d aICIbspacICI 4aF 1209bC37.20051 aCardona Boldó, Ramiro,93290110aPueblos mágicos /btextos Ramiro Cardona Boldó, Rosa María Riveros Testolini ; fotografía Homero Adame [y otros nueve] ; coordinador editorial Jaime Bali ;ceditor Ramiro Cardona Boldó. aSegunda edición. 1bEditorial México Desconocidoc2005aSecretaría de Turismo : a244 páginasbfotografías color ;c32 cm. atexto2rdacontent asin medio2rdamedia avolumen2rdacarrier aEjemplar con sobrecubierta. 4aMéxicoxHistoria96141 aRiveros Testolini, Rosa María,eautor9329021 aAdame, Homero,efotógrafo9329031 aMéxico.924120 2lcccBK c11983d11983